[Event "Tilburg Fontys"]
[Site "Tilburg"]
[Date "1997.10.02"]
[Round "5"]
[White "Shirov, Alexei"]
[Black "Kasparov, Garry"]
[Result "0-1"]
[WhiteElo "2700"]
[BlackElo "2820"]
[Annotator "Winants,L"]
[PlyCount "80"]
[EventDate "1997.09.27"]
[EventType "tourn"]
[EventRounds "11"]
[EventCountry "NED"]
[EventCategory "17"]
[SourceTitle "CBM 061"]
[Source "ChessBase"]
[SourceDate "1997.11.23"]
[SourceVersion "1"]
[SourceVersionDate "1997.11.23"]
[SourceQuality "1"]

1. e4 c5 2. Nf3 d6 3. d4 cxd4 4. Nxd4 Nf6 5. Nc3 a6 6. Be3 e5 7. Nb3 Be6 8. f3
{[#] Un dispositif agressif que l'on doit aux joueurs britanniques. Les Blancs
ont deux atouts а leur disposition.  La structure de pions d'abord: le pion
central e4 est solidement défendu et ceci leur permettra bientôt de lancer un
assaut а la baïonnette contre le flanc-Roi (g4, h4 ...). Le bon développement
ensuite, car toutes les pièces mineures, а l'exception du Nb3, occupent une
position idéale. Il faudrait d'ailleurs envisager une action du côté Dame.
D'une part, les deux Fous sont braqués dans cette direction, et de l'autre, il
y a un avant-poste pour le Cavalier en d5.} Be7 {Najdorf Variation-English
attack Survey Pris isolément ce coup paraît anodin, voire même banal. Mais
cette impression s'évanouit dès que l'on considère la stratégie des Noirs dans
son ensemble.  Ainsi Kasparov ne se contente pas uniquement de mobiliser ses
pièces. Son but principal est d'éviter de jouer ...b5, aussi longtemps que les
Blancs n'auront pas effectué le grand roque ou, pour le moins, accepté des
responsabilités sur le flanc-Roi, avec le coup g4.} 9. Qd2 Nbd7 10. g4 h6 ({
Toujours pas} 10... b5 {а cause de} 11. a4 $1 {le coup du Dr Nunn} b4 12. Nd5
Bxd5 13. exd5 {et si 13...} Nb6 $2 14. a5 $1 Nbxd5 15. g5 {[%csl Rd5,Rf6]} Nxe3
16. gxf6 Nxf1 17. fxe7 {et les Blancs gagnent.}) 11. O-O-O ({Ou bien:} 11. h4
b5 12. Rg1 Nb6 13. g5 Nfd7 14. Nd5 Bxd5 15. exd5 hxg5 16. hxg5 Rc8 17. Na5 Nxd5
18. Nb7 Nxe3 19. Nxd8 Nxc2+ 20. Kd1 Nxa1 21. Nb7 Nc2 22. g6 Nd4 23. gxf7+ Kxf7
24. Bd3 g5 $17 {Georgiev-Kasparov, Grand Prix PCA, Paris 1995}) 11... b5 12. h4
Nb6 {[%csl Gd5] Pour empêcher l'arrivée du Nc3 en d5, ou provoquer l'échange
du Fou de cases noires (Bxb6)} 13. Kb1 (13. Qf2 Rb8 14. Kb1 b4 15. Bxb6 Qxb6
16. Qxb6 Rxb6 17. Nd5 Nxd5 18. exd5 Bd7 19. Bd3 h5 20. g5 f5 21. gxf6 Bxf6 {
Almasi-Lautier Tilburg 1996}) 13... b4 14. Bxb6 Qxb6 15. Nd5 Bxd5 16. exd5 a5
17. Qd3 {[%cal Yb3d2] Une nouveauté théorique, au lieu de 17.Bc4 joué dans la
partie Bologan-Wahls, Bundesliga 1995. Avec 17.Qd3, les Blancs se proposent de
retirer le Cavalier en d2.} (17. Bc4 O-O 18. Qe2 a4 19. Nd2 a3 20. Ne4 Nxe4 21.
fxe4 axb2 22. g5 Ra3 23. gxh6 g6 24. Bb3 Qa6 25. Qf3 Ra8 26. Rdf1 f5 27. Qg3 g5
28. Qd3 Rxa2 29. Qxa6 R2xa6 30. Kxb2 gxh4 31. Rhg1+ Kh8 {Bologan,V-Wahls,M/
BL9495 1995/BL 90/1/2-1/2 (48)}) (17. Be2 a4 18. Nc1 Rc8 19. Qd3 Rc5 20. Qa6
Qxa6 21. Bxa6 Nxd5 22. Nd3 Ra5 23. Bb7 Ne3 24. Rde1 Ng2 25. Re4 Kd7 26. Nxb4
Nf4 27. Rd1 Ra7 28. Bc6+ Kc7 29. Rc4 Kb6 30. Nd5+ Nxd5 31. Rxd5 Bxh4 {Dimitrov,
V-Howell,J/WchJ Gausdal 1986/EXT 86ch/1-0 (58)}) 17... O-O $1 {Une réaction
instructive, car il semblerait que les Noirs roquent sous le feu de l'ennemi.}
18. Nd2 {[%csl Ge4][%cal Rg4g5,Yd2f6] En route vers й4} ({Après} 18. g5 Nh5 19.
gxh6 g6 {[%csl Gf4,Gh5] l'infanterie des Blancs serait immobilisée et leur
attaque au point mort. C'est pourquoi Shirov décide d'aller échanger le Nf6.})
18... a4 19. Ne4 (19. g5 Nh5 20. gxh6 g6) 19... Rfc8 $1 {[%cal Gc8c2,Yg8f8]
Occupe la colonne ouverte et prévoit l'évacuation du Roi via f8.} 20. Nxf6+
Bxf6 {[%csl Rb2][%cal Ye5e4,Gf6b2]} 21. Qe4 {[%csl Rh7][%cal Yf1d3,Gd3h7] Tout
cela avait probablement été conçu а domicile. Les Blancs projettent d'attaquer
sur la diagonale b1-h7, et bloquent le pion e5, pour éviter le réveil du Bf6 (.
..e4)} (21. g5 $2 e4 $1 22. Qxe4 b3 23. cxb3 axb3 24. a3 Bxb2 $19 {Shirov})
21... Qc5 {[%csl Rb2,Rc3][%cal Ya4a3] Pour mener l'offensive sur la couleur
inverse du Bf1. Kasparov menace 22...a3} (21... b3 $142 22. cxb3 axb3 23. a3
Bxh4 $17 24. Rxh4 $2 Qf2 $19) 22. Bd3 Kf8 $1 {[#]} ({Surtout pas} 22... a3 $2
23. g5 $1 hxg5 24. hxg5 Bxg5 25. Rh8+ $3 {et le mat suit.}) 23. g5 {Impossible
d'avancer autrement.} ({Si} 23. Rdg1 Bxh4 $1 {[%csl Rg1]}) 23... hxg5 24. hxg5
Bxg5 25. Qf5 Bh6 (25... Bf6 $2 26. Bb5 $3 (26. Qd7 $2 g6) 26... Rd8 (26... Qc7
27. Bxa4 Rxa4 $4 28. Rh8+ Ke7 29. Qxc8 $18) (26... Qxb5 $4 27. Rh8+ Ke7 28.
Rxc8) 27. Bc6 $14) 26. Rh4 $132 {[#] La pointe des coups précédents: les
Blancs menacent 27.Rc4} (26. Rxh6 {, joué immédiatement, n'aurait pas entraîné
le résultat escompté:} gxh6 27. Qf6 b3 28. Qxh6+ Ke8 29. Qh8+ Kd7 30. Bf5+ Kc7
{et les Noirs gagnent.}) 26... Ke7 $3 {Une conception inouïe et que l'on ne
pourrait estimer а sa juste valeur, sans examiner d'autres possibilités.} (
26... Rc7 {[%csl Ra8,Gc7] Ce coup présente deux inconvénients: il laisse la
Ra8 sans protection et bloque la case de fuite en c7.} 27. Rxh6 gxh6 28. Qf6 b3
29. Qxh6+ Ke8 30. Qh8+ Ke7 31. Qh4+ $11 {et les Blancs sont hors de danger.}) (
26... Qxd5 {Une prise risquée, car elle accroît le potentiel du Fou de cases
blanches.} 27. Be2 $1 {Le coup juste: il dégage la colonne -d- et prépare
l'intervention du Fou sur la diagonale c4-f7.} (27. Rxb4 {trop mou} Rcb8 ({
non pas} 27... Qe6 28. Qh7) 28. Rxb8+ (28. Rc4 Rxb2+ 29. Kxb2 Rb8+ {et puis 30.
..Qb7}) 28... Rxb8 29. Be2 Qb7 30. b3 Qc7 {et les Noirs sont tranquilles.})
27... Qa5 (27... Qe6 28. Qxe6 fxe6 29. Rxd6 $11) (27... Qb7 28. Bc4 Qe7 29. Bd5
$13) 28. Bc4 {[%csl Rf7]} Rc7 29. Rxh6 $1 {toujours le même thème!} gxh6 30.
Qf6 Qc5 (30... Rxc4 31. Qxd6+ Ke8 (31... Kg7 32. Rg1+ Kh7 33. Qf6 $18) 32. Rg1
f6 33. Rg7 $18 {le mat est imminent.}) (30... Ke8 31. Qxd6 Qc5 32. Bb5+ $3 Qxb5
33. Rg1 $18) 31. Qxh6+ Ke7 32. Qh4+ Kd7 33. Qg4+ Ke7 (33... Kc6 34. Qe4+) 34.
Qh4+ $11 {échec perpétuel.}) 27. Rc4 Qxc4 (27... Qxd5 28. Rxb4 $13) 28. Bxc4
Rxc4 29. Qd3 Rac8 {[%csl Rc2,Rd5,Rf3] Les Noirs ont obtenu un matériel
équivalent а la Dame (Tour, Fou et pion). Mais il faut surtout constater que
leur position est désormais imprenable. De plus, les pions c2, d5 et f3 sont
exposés.} 30. Re1 Bf4 {Rien ne presse. Les Blancs sont condamnés а
l'expectative.} 31. Re4 $4 {Shirov souhaitait manifestement rompre la cohésion
entre les Tours ennemies en simplifiant les débats.} ({Or le remède s'est
révélé inopérant, et on peut donc conclure qu'il valait mieux jouer} 31. a3 {
immédiatement.}) (31. b3 axb3 32. axb3 Rxc2 33. Qxc2 Rxc2 34. Kxc2 g5 35. Kd3
f5 $11 {Shirov}) 31... Rxe4 32. fxe4 ({Ou pire:} 32. Qxe4 Rh8 {[%csl Ra1,Rb1,
Rc1,Rd1,Re1,Rf1,Rg1,Rh1][%cal Yh8h1]} 33. a3 (33. b3 a3) 33... b3 34. cxb3 axb3
35. Qe1 Rh2 36. Qd1 Rc2 {etc.}) 32... g5 $1 {[%cal Yg5g1] Tout simplement: le
fantassin va а Dame.} 33. a3 ({Si} 33. Qa6 Rh8 34. a3 g4 35. Qb7+ Kf6 36. Qxb4
g3 37. Qxd6+ Kg7) 33... bxa3 34. Qa6 Rd8 35. Qb6 {Cherchant le salut dans la
contre-attaque (c4-c5).} ({Une variante pour illustrer les conséquences d'une
défense passive:} 35. bxa3 g4 36. Qxa4 g3 37. Qa7+ Kf6 38. Qg1 Rg8 39. Qg2 Rh8
40. a4 Rh2 41. Qg1 Re2 {Pour continuer par ...g2 et ...Be3.} 42. Qh1 Kg5 $1 43.
Qh7 g2 {et gagne.}) 35... g4 36. c4 g3 37. c5 g2 38. cxd6+ Rxd6 39. Qc7+ {
[#] Il semblerait que Shirov soit parvenu а brouiller les cartes.} ({Supposons
} 39. Qc7+ Rd7 {il suivrait} 40. Qc5+ Ke8 41. Qc8+ Rd8 42. Qc6+ Kf8 43. Qc5+
Kg7 44. Qg1) 39... Kf6 $3 {[%csl Gg2] Superbe non?} 40. Qxd6+ (40. Qc5 Kg7 41.
Qg1 Rg6) 40... Kg7 {et les Noirs abandonnèrent.} (40... Kg7 {Si} 41. Qc5 Bh2
42. d6 g1=Q+ 43. Qxg1+ Bxg1 44. d7 Bb6) 0-1

[Event "Tilburg Fontys"]
[Site "Tilburg"]
[Date "1997.10.05"]
[Round "8"]
[White "Kasparov, Garry"]
[Black "Piket, Jeroen"]
[Result "1-0"]
[WhiteElo "2820"]
[BlackElo "2630"]
[Annotator "Huzman,A"]
[PlyCount "59"]
[EventDate "1997.09.27"]
[EventType "tourn"]
[EventRounds "11"]
[EventCountry "NED"]
[EventCategory "17"]
[SourceTitle "CBM 061"]
[Source "ChessBase"]
[SourceDate "1997.11.23"]
[SourceVersion "1"]
[SourceVersionDate "1997.11.23"]
[SourceQuality "1"]

1. d4 {Winants Ftacnik Dokhojan} d5 2. c4 dxc4 3. e3 Nf6 4. Bxc4 e6 5. Nf3 c5
6. O-O a6 7. Bb3 {Winants: Kasparov avait déjà joué ainsi quelques semaines
auparavant, lors de la simultanée en deux tours disputée contre l'équipe
nationale d'Argentine, pour vaincre la résistance du grand-maître Spangenberg.
L'idée remonte а une trentaine d'années. On la retrouve notamment aux
olympiades de Varna en 1962, dans les parties du champion tchèque Miroslav
Filip, et aussi dans l'une des rencontres du match Botvinnik-Petrosian de 1963.
Le recul du Fou anticipe le coup ...b5, pour attaquer les pions noirs
immédiatement avec a4.} b5 {Winants: Les ouvrages théoriques recommandent 7...
Nc6 ou 7...cxd4. Piket pourtant, avait déjà abordé cette variante de l'autre
côté de l'échiquier et on peut donc supposer qu'il avait effectué son choix en
connaissance de cause.} 8. a4 b4 {Ceci réduit le potentiel du Bf8 et abandonne
en même temps le contrôle du point c4.} (8... bxa4 $5 {Ftacnik} 9. Bxa4+ Nbd7
10. e4 $1 $16 cxd4 $8 (10... Bb7 11. d5 exd5 12. exd5 Bxd5 13. Nc3 Bxf3 14.
Qxf3 Be7 15. Bxd7+ Nxd7 16. Rd1 Ra7 17. Nb5 $18) 11. e5 Nd5 12. Bc6 Rb8 13.
Bxd5 exd5 14. Nxd4 Rb6 $8 15. Nc3 Nc5 16. Be3 Be7 (16... Rxb2 $5 17. Qf3 Be6
18. Rfd1 {/\ Nf5+/-->}) 17. Qc2 {1-0 Rublevsky,S-Vaulin,A/Rossia 1992 (32)}) ({
Winants: Les autres possibilités ne seraient toutefois guère plus
réjouissantes:} 8... Bb7 {Winants} 9. axb5 axb5 10. Rxa8 Bxa8 11. Qe2 b4 12.
Ba4+ Nbd7 13. Ne5 $16 {Yermolinsky-Quinn Londres 1994}) 9. Nbd2 Bb7 10. e4 {
Winants: Un gambit audacieux mais correct. Les Blancs ont pour but d'exploiter
la position du Roi noir, ou de gagner du terrain au centre en établissant le
fantassin le e5.} (10. a5 {Winants} Nbd7 11. Ba4 Be7 12. dxc5 Bxc5 13. Nb3 O-O
14. Ne5 Nxe5 15. Nxc5 Qc7 16. Nxb7 Qxb7 17. Qd4 Ng6 18. Bd2 Rab8 19. Rfd1 Rfd8
20. Qc4 Rdc8 21. Qe2 Ne4 22. Be1 {et nulle de commun accord Piket-Lautier,
Monaco 1996}) 10... cxd4 (10... Nxe4 $6 {Ftacnik} 11. Nxe4 Bxe4 12. Bg5 (12.
Re1 {Winants} Bf5 (12... Bd5 {Winants} 13. Bg5 {et maintenant:} f6 14. dxc5
Bxb3 15. Qxb3 fxg5 16. Qxe6+ ({ou même} 16. Nxg5) 16... Be7 17. Nxg5 Rf8 18.
Rad1 Qc7 19. Qd5 Nc6 20. Ne6 $18) 13. d5) 12... Qd7 13. Re1 Bd5 $8 14. dxc5 $16
Bxb3 15. Qxb3 Bxc5 $2 16. Rad1 $18) 11. e5 Nd5 {Une nouveauté semble-t-il.} (
11... Nfd7 $142 12. Nc4 Nc6 (12... Nc5 {Ftacnik} 13. Bg5 f6 14. exf6 gxf6 15.
Nfe5 h5 16. Ng6 (16. Bh4 Qd5 $1 17. Nf3 Rg8 18. Kh1 Nbd7 $1 $17) 16... Qd5 17.
Nd6+ Qxd6 18. Nxh8 Nxb3 (18... fxg5 $5 19. Qxh5+ Kd7 20. Bc4 Nc6 21. Nf7 $17)
19. Qxh5+ Kd7 20. Bxf6 Nxa1 21. Qf7+ Be7 22. Ng6 Nc6 23. Rxa1 e5 {0-1 Slipak,
S-Spangenberg,H/Buenos Aires Najdorf 1996 (30)}) 13. Bg5 Qc7 14. Rc1 Bc5 15.
Nxd4 Ndxe5 (15... Nxd4 {Winants} 16. Nd6+ Kf8 17. Qxd4) 16. Nxe5 Qxe5 (16...
Nxe5 {Winants} 17. Be3) 17. Nf3 Qd6 18. Qc2 Ba7 (18... Nd4 {Winants}) 19. Rfd1
Qc7 20. Qe4 O-O 21. Bf4 Qb6 22. Be3 Qa5 23. Ng5 Qf5 (23... g6 {Winants} 24.
Nxf7 $1 Bxe3 25. Qxe3 Rxf7 26. Qxe6 Ne5 27. Qe7 Be4 28. Rc7 Raf8 29. Rd8 Rxd8
30. Qxd8+ Kg7 31. Rxf7+ Nxf7 32. Qxa5) 24. Qxf5 exf5 25. Bxa7 Rxa7 26. Nxf7 Na5
27. Be6 Ba8 28. Rc5 (28. Ne5+ $1 {Winants} Kh8 29. Ng6+ $3 hxg6 30. Rd3) 28...
Nc6 29. Ne5+ Kh8 30. Nxc6 Rc7 31. Rxf5 {1-0 Topalov,V-Lautier,J/Amber-rapid6th
1997/EXP 57}) (11... Ne4 {Ftacnik} 12. Nxe4 Bxe4 13. Bg5 $16 {/\ Re1}) 12. Nc4
Nc6 (12... Be7 13. Bg5 O-O 14. Nd6 Bxg5 (14... Bc6 {Ftacnik} 15. Bxe7 Nxe7 (
15... Qxe7 16. Nxd4 $16 {׫}) 16. Ng5 $1 {><f7, h7} Bd5 17. Qd3 $1 (17. Qh5 h6
18. Ngxf7 Qd7 $13 19. Bc2 $140 Nf5 $1) 17... Ng6 (17... g6 18. Qh3 h5 19. Bxd5
exd5 20. f4 $16 {->>>}) 18. Bxd5 exd5 19. f4 Nd7 20. Qh3 h6 21. Ngxf7 $1 $18 {
1-0 Lalic,B-Sadler,M/England 1995 (31)}) 15. Nxb7 Qe7 16. Nxg5 (16. Bxd5 exd5
17. Nd6 $16) 16... Qxg5 17. Bxd5 exd5 18. Qxd4 Nc6 19. Qxd5 Ne7 20. Qe4 Qd2 21.
Rab1 Qd5 22. Qxd5 Nxd5 23. Rfd1 Nb6 24. b3 Ra7 25. Nc5 a5 26. f4 Rc7 27. Ne4 {
Praszak,M-Estrada Nieto,J/MK Cafe op 1997/EXP 59/1-0 (72)}) 13. Bg5 (13. Nxd4 {
Dokhojan} Be7 (13... Rc8 14. a5) 14. Nxc6 Bxc6 15. Qg4 $16 {עg8}) 13... Qd7 {
Piket avait probablement examiné cette position а domicile.} (13... f6 $2 {
Dokhojan} 14. exf6 (14. Bh4 $40 {Ftacnik}) 14... gxf6 15. Re1 fxg5 16. Rxe6+
Kd7 17. Rxc6 Bxc6 (17... Kxc6 18. Nxd4+) 18. Nce5+ Kc7 19. Nxc6 Kxc6 20. Nxd4+
Kb6 21. a5+ $18) (13... Qc7 14. Rc1 {[%cal Gc1c7]} Bc5 15. Nd6+ Bxd6 16. Bxd5
Bxe5 (16... exd5 17. exd6 Qxd6 18. Re1+ Kf8 19. Nxd4 $36) 17. Bxc6+ Bxc6 18.
Re1 f6 19. Nxd4 Bxd4 20. Rxe6+ Kd7 21. Qg4 h5 22. Qf5 g6 23. Qh3 $18) 14. Rc1 {
Winants: Une conception remarquable. Il semblerait que les pièces noires
soient bien disposées: le Bb7 contrôle la grande diagonale et le Nd5 occupe un
avant-poste. Or, en y regardant de plus près, on s'aperçoit qu'elles se gênent
mutuellement. C'est justement pourquoi Kasparov évite de provoquer des
simplifications en capturant le Pd4. Son but consiste avant tout а prendre
l'avantage via une meilleure conjugaison des forces} (14. Nfd2 $44 {[%cal
Gd2e4,Ge4d6,Gc4d6]}) (14. Nxd4 {Dokhojan} h6 15. Bh4 Nf4 $132 (15... Nf4 {
Winants} 16. Nf3 Nd4 17. Nxd4 Qxd4)) 14... h6 (14... Bc5 {Dokhojan} 15. Ncd2 $5
(15. Nfd2 O-O 16. Ne4 Be7 17. Qh5 $44) 15... Be7 (15... Bb6 16. Ne4 O-O 17. Qd2
$36 Na5 18. Bxd5 Qxd5 19. Nf6+ gxf6 20. Bxf6 Qe4 21. Rfe1 Qg4 22. h3 Qh5 23. g4
Nb3 24. Qf4 Qg6 25. Nh4 Nxc1 26. Rxc1 {+/-/+-}) 16. Bxe7 Qxe7 $6 (16... Ncxe7
17. Ne4 Ne3 18. Nd6+ Qxd6 19. exd6 Nxd1 20. Rc7 $1 Bxf3 (20... Nf5 21. d7+ Ke7
22. Rxb7 Nxb2 23. Ne5 $18) 21. Rxe7+ Kf8 22. gxf3 Nxb2 23. Rc1 g6 24. Rcc7 Kg7
25. Rxe6 $16) (16... Ndxe7 17. Ne4 O-O 18. Nc5 Qc7 19. Re1 $1 Rad8 20. Ng5 Bc8
21. Qd3 Ng6 22. Qh3 h6 23. Ngxe6 $1 Ngxe5 (23... Qa5 24. Nxd8 Bxh3 25. Ncb7
Rxd8 26. Rxc6 $1 $18) 24. Nxc7 Bxh3 25. gxh3 Nf3+ 26. Kf1 $16) 17. Bxd5 exd5
18. Nb3 O-O 19. Re1 $16) ({Il valait mieux jouer} 14... Bc5 {Winants
immédiatement.}) 15. Bh4 Bc5 (15... Be7 16. Bxe7 Kxe7 17. Nxd4 (17. Nd6 $1 Nxe5
18. Nf5+ (18. Nxb7 Nxf3+ 19. Qxf3 Qxb7 20. Bxd5 Qxd5 (20... exd5 21. Rfe1+ Kf8
22. Qf4 $40 {/+/-})) 18... exf5 19. Nxe5 Qd6 20. Re1 Kf8 21. Qxd4 $16) 17...
Nf4 18. Nxc6+ Qxc6 $13 (18... Bxc6)) (15... g5 {Ftacnik} 16. Bg3 Be7 17. Nxd4
$16) 16. Nfd2 $1 {[%cal Gd2e4,Ge4d6,Gc4d6] Winants: La pointe des coups
précédents. Le Cavalier se dirige vers e4, pour profiter du soldat avancé 
(points d6 et f6)} O-O (16... Ne3 $2 {Dokhojan} 17. fxe3 dxe3 18. Ne4 e2+ 19.
Nxc5 exd1=Q 20. Rcxd1 $18 (20. Rcxd1 {Winants} Qc7 21. Nd6+ Kf8 22. Nxe6+)) (
16... Nf4 $2 {Ftacnik} 17. Ne4 Ba7 18. Ncd6+ Kf8 19. Nxb7 Qxb7 20. Nd6 Qd7 21.
Qf3 $18) 17. Ne4 Be7 (17... Ba7 18. Qg4 $40 (18. Nf6+ $3 {Winants} gxf6 19.
exf6 e5 (19... Nf4 20. Qg4+ Ng6 21. Qh5 Nxh4 (21... Kh7 22. Bg5) 22. Qxh4 Ne7 (
22... Kh7 23. Qe4+ Kh8 24. Bc2 $18) 23. Ne5 Qd6 24. Ng4 $18) 20. Qf3 (20. Qh5
$2 Nf4 21. Qxh6 Qg4 $19) 20... Nf4 (20... Bc8 21. Nd6 $1 Nf4 22. Rxc6) (20...
Kh8 21. Qh5 Kg8 22. Qxh6 Qg4 23. Bg5) 21. Qg3+ (21. Nd6 $5) 21... Ng6 22. Qxg6+
fxg6 23. Nxe5+ Qf7 24. Bxf7+ Rxf7 25. Nxc6 $16)) 18. Bg3 $1 {[%csl Ge5][%cal
Gc4d6,Ge4c5] In position with space advantage don`t change pieces On voit
maintenant а quel point le 14e coup des noirs était erroné. Les Cavaliers sont
non seulement privés de la case e7, mais pire encore, la diagonale b1-h7 reste
désormais sans défense.} Qd8 (18... f5 {Dokhojan} 19. exf6 gxf6 20. Ncd6 Bxd6
21. Nxd6 Na5 22. Bc2 e5 23. Qh5 $40 {+-}) (18... Rad8 {Ftacnik} 19. Ncd6 Ba8
20. Qd3 $36) 19. Ncd6 Na5 (19... Qb6 {Dokhojan} 20. Bxd5 exd5 21. Nf6+ gxf6 22.
Nf5 fxe5 23. Qg4+ Bg5 24. Nxh6+ Kg7 25. Qxg5+ $18) 20. Bc2 (20. Nxb7 {Ftacnik}
Nxb7 21. Qxd4 Nf4 22. Qe3 $14) 20... b3 (20... Qb6 {Ftacnik} 21. Qd3 $40) 21.
Bb1 {[%cal Gd1d3,Gd3h7]} Qb6 22. Qd3 {[%cal Ge4f6]} g6 (22... f5 $2 {Ftacnik}
23. exf6 gxf6 24. Nc5 f5 25. Nd7 $18) 23. Nc5 {[%cal Gc5e6] Menaçant а la fois
24.Nd7, et 24.Nxe6} Bc8 (23... Nb4 {Ftacnik} 24. Qxd4 Na2 (24... Nc2 {Winants}
25. Bxc2 bxc2 26. Nxe6 Qxd4 27. Nxd4 {et les Blancs auront bientôt deux pions
de plus.}) 25. Rcd1 $16) 24. h4 {[%cal Gh4h5]} Nc6 (24... h5 25. Qxd4 (25. Nxf7
$5 Rxf7 26. Qxg6+ Rg7 27. Qe8+ Bf8 28. Ne4 Bb7 29. Qxh5 $40) 25... Nc6 26. Qe4
$16 {/+-}) ({Le moindre mal était encore} 24... h5 {Winants}) 25. a5 $1 {
Ftacnik: Beautiful small sacrifice disturbs coordination of black pieces.
Ftacnik: Ein wunderschoenes Opfer verdirbt die Koordiantion der schwarzen
Kraefte. Un joli sacrifice de déviation.} (25. h5 {Ftacnik} Nxe5 $1) 25... Qxa5
(25... Nxa5 26. h5 Bxd6 (26... Nb4 27. Qxd4 $40 (27. Qe4 Bxd6 28. exd6 Bb7 29.
Nxb7 Qxb7 30. Qxd4 $16)) 27. exd6 (27. hxg6 {Ftacnik} Bxc5 (27... Nb4 28. Qd2
fxg6 (28... Kg7 29. exd6 Nc2 30. Bxc2 Qxc5 31. Be4 Nc4 32. Qe2 $18) 29. Qxh6
Rf5 30. Qxg6+ Kf8 31. Nxe6+ Bxe6 32. Bxf5 $18) 28. g7 f5 29. exf6 Nxf6 30.
gxf8=Q+ (30. Be5 {Winants} Rf7 31. Bxf6 Rxg7 32. Bxg7 Kxg7 33. Qg3+ Kf8 (33...
Kh8 34. Qe5+ Kg8 35. Rxc5) 34. Qf3+ Kg7 35. Qxa8 $18) 30... Bxf8 31. Be5 Bg7
32. Bxf6 Bxf6 33. Qh7+ Kf8 34. Rc7 $18) 27... Nb7 28. hxg6 Nxc5 29. gxf7+ Rxf7
30. Qg6+ Kf8 31. Qxh6+ Ke8 32. Bg6 $18) 26. Nxf7 Rxf7 27. Qxg6+ Kf8 (27... Rg7
28. Qe8+ Bf8 29. Qxc6 $18) 28. Nxe6+ Bxe6 29. Rxc6 $1 Bd7 (29... Nc7 30. Qxh6+
Rg7 (30... Ke8 {Dokhojan} 31. Rxc7 (31. Rfc1 {Winants} Ra7 32. Bg6 Bf8 33.
Rxe6+ Nxe6 34. Bxf7+ Kxf7 35. Qf6+ $1 $18) 31... Qxc7 32. Qxe6 $18) 31. Rxe6
$18 (31. Rxe6 {Ftacnik} Nxe6 32. Qxe6 $18) (31. f4)) 30. Qxh6+ {30...Ke831.e6
Bc632.ef+-} (30. Qxh6+ {Dokhojan} Ke8 (30... Rg7 31. Rg6) (30... Kg8 {Winants}
31. Rg6+) 31. e6 Bxc6 32. exf7+ (32. Bg6 {Winants}) 32... Kd7 (32... Kxf7 {
Ftacnik} 33. Qg6+ Kf8 34. Qxc6 $18) 33. Bf5+ $18 (33. Bf5+ {Winants} Kd8 34.
Qh8+)) 1-0